00872cam a2200181K 4500082002800000100002300028245027600051250001400327260004400341300004000385526003700425650002400462650001300486856006300499942001200562999001900574952009700593 a629.203bDYKcL-17, P-91 aDyke, A. L.94435410aDyke's automobile and gasoline engine encyclopediabthe elementary principles, construction, operation and repair of automobiles, gasoline engines and automobile electric systems; including trucks, tractors, and motorcycles, simple, thorough and practical,cby A.L. Dyke. a13th ed., aChicago,bGoodheart-Willcox Co.,c1924. a1 online resource (1226 p.)billus. a0b0c0d629_203000000000000_DYK 0aAutomobiles.938699 0aMCE937940uhttp://catalog.hathitrust.org/api/volumes/oclc/414290.html 2ddccBK c548172d548172 00102ddc4070aMCEbMCEd2014-08-25l0o629.203 DYKpMCE-41004r2014-08-25w2014-08-25yBK